[Event "DVM U14 2022"]
[Site "Kelheim GER"]
[Date "2022.12.30"]
[Round "7"]
[White "Friedrich, Timofej"]
[Black "Kuhlmann, Nils Magnus"]
[Result "1/2-1/2"]
[Termination "normal"]
[Board "5.3"]
[WhiteElo "1461"]
[BlackElo "1560"]
[WhiteClock "00:05:21"]
[BlackClock "00:03:46"]
[WhiteTeam "SV Stuttgart-Wolfbusch 1956 e.V."]
[BlackTeam "SG Einheit Staßfurt"]
[PlyCount "71"]
[WhiteFideId "34617191"]
[BlackFideId "16287177"]
[EventCountry "GER"]
[EventRounds "7"]
[EventType "team-swiss"]
[EventDate "2022.12.26"]

1. e4 {[%clk 01:30:58]} {[%emt 00:00:02]} c6 {[%clk 01:30:52]} {[%emt
00:00:09]} 2. d4 {[%clk 01:31:19]} {[%emt 00:00:09]} d5 {[%clk 01:31:16]}
{[%emt 00:00:06]} 3. exd5 {[%clk 01:31:42]} {[%emt 00:00:07]} cxd5 {[%clk
01:31:40]} {[%emt 00:00:06]} 4. Bd3 {[%clk 01:32:03]} {[%emt 00:00:09]} Nc6
{[%clk 01:30:48]} {[%emt 00:01:22]} 5. c3 {[%clk 01:31:45]} {[%emt 00:00:48]}
Nf6 {[%clk 01:30:38]} {[%emt 00:00:40]} 6. h3 {[%clk 01:31:46]} {[%emt
00:00:29]} e6 {[%clk 01:29:42]} {[%emt 00:01:26]} 7. Nf3 {[%clk 01:31:42]}
{[%emt 00:00:34]} Bd6 {[%clk 01:29:47]} {[%emt 00:00:25]} 8. O-O {[%clk
01:31:30]} {[%emt 00:00:42]} Bd7 {[%clk 01:30:03]} {[%emt 00:00:15]} 9. Re1
{[%clk 01:30:53]} {[%emt 00:01:07]} h6 {[%clk 01:29:24]} {[%emt 00:01:10]} 10.
c4 {[%clk 01:28:57]} {[%emt 00:02:26]} O-O {[%clk 01:27:10]} {[%emt 00:02:42]}
11. Nc3 {[%clk 01:28:23]} {[%emt 00:01:04]} dxc4 {[%clk 01:23:17]} {[%emt
00:04:23]} 12. Bxc4 {[%clk 01:28:14]} {[%emt 00:00:40]} Na5 {[%clk 01:21:32]}
{[%emt 00:02:14]} 13. Bf1 {[%clk 01:26:17]} {[%emt 00:02:27]} Rc8 {[%clk
01:14:57]} {[%emt 00:07:06]} 14. Ne5 {[%clk 01:22:58]} {[%emt 00:03:50]} Nc6
{[%clk 01:13:16]} {[%emt 00:02:11]} 15. Nb5 {[%clk 01:17:15]} {[%emt 00:06:13]}
Bb4 {[%clk 01:04:57]} {[%emt 00:08:49]} 16. Nxc6 {[%clk 01:06:02]} {[%emt
00:11:41]} Bxc6 {[%clk 01:03:34]} {[%emt 00:01:53]} 17. Nc3 {[%clk 01:01:42]}
{[%emt 00:04:50]} a6 {[%clk 00:57:33]} {[%emt 00:06:34]} 18. a3 {[%clk
00:50:03]} {[%emt 00:12:06]} Ba5 {[%clk 00:56:27]} {[%emt 00:01:36]} 19. Re3
{[%clk 00:42:14]} {[%emt 00:08:20]} Bb6 {[%clk 00:47:10]} {[%emt 00:09:48]} 20.
Rd3 {[%clk 00:37:59]} {[%emt 00:04:43]} Nd5 {[%clk 00:44:38]} {[%emt 00:03:02]}
21. Qg4 {[%clk 00:35:41]} {[%emt 00:02:47]} Nf6 {[%clk 00:43:39]} {[%emt
00:01:30]} 22. Qd1 {[%clk 00:34:12]} {[%emt 00:01:57]} Kh8 {[%clk 00:41:14]}
{[%emt 00:02:57]} 23. g3 {[%clk 00:30:09]} {[%emt 00:04:33]} Qd7 {[%clk
00:33:59]} {[%emt 00:07:46]} 24. Bg2 {[%clk 00:28:00]} {[%emt 00:02:38]} Bxg2
{[%clk 00:32:32]} {[%emt 00:01:57]} 25. Kxg2 {[%clk 00:28:19]} {[%emt
00:00:11]} Rfd8 {[%clk 00:32:28]} {[%emt 00:00:35]} 26. Be3 {[%clk 00:28:01]}
{[%emt 00:00:47]} Rc6 {[%clk 00:25:39]} {[%emt 00:07:19]} 27. Qd2 {[%clk
00:23:24]} {[%emt 00:05:07]} Kh7 {[%clk 00:23:42]} {[%emt 00:02:28]} 28. f3
{[%clk 00:22:48]} {[%emt 00:01:05]} Nd5 {[%clk 00:16:31]} {[%emt 00:07:41]} 29.
Nxd5 {[%clk 00:16:03]} {[%emt 00:07:15]} Qxd5 {[%clk 00:16:02]} {[%emt
00:01:00]} 30. Rd1 {[%clk 00:14:39]} {[%emt 00:01:53]} Rcd6 {[%clk 00:14:10]}
{[%emt 00:02:23]} 31. Bf4 {[%clk 00:14:13]} {[%emt 00:00:55]} R6d7 {[%clk
00:14:29]} {[%emt 00:00:12]} 32. Qb4 {[%clk 00:13:00]} {[%emt 00:01:43]} Bc7
{[%clk 00:08:40]} {[%emt 00:06:19]} 33. Bxc7 {[%clk 00:10:58]} {[%emt
00:02:32]} Rxc7 {[%clk 00:08:13]} {[%emt 00:00:57]} 34. Rc3 {[%clk 00:10:41]}
{[%emt 00:00:46]} Qd7 {[%clk 00:07:41]} {[%emt 00:01:02]} 35. Qb3 {[%clk
00:08:06]} {[%emt 00:03:03]} Rc6 {[%clk 00:03:46]} {[%emt 00:04:28]} 36. Qc2
{[%clk 00:05:21]} {[%emt 00:03:11]} 1/2-1/2

[Event "DVM U14 2022"]
[Site "Kelheim GER"]
[Date "2022.12.30"]
[Round "7"]
[White "Beck, Jason"]
[Black "Schimann, Kirill"]
[Result "0-1"]
[Termination "normal"]
[Board "5.4"]
[WhiteElo "1576"]
[BlackElo "1363"]
[WhiteClock "00:12:59"]
[BlackClock "00:38:29"]
[WhiteTeam "SG Einheit Staßfurt"]
[BlackTeam "SV Stuttgart-Wolfbusch 1956 e.V."]
[PlyCount "116"]
[WhiteFideId "34608389"]
[BlackFideId "16296338"]
[EventCountry "GER"]
[EventRounds "7"]
[EventType "team-swiss"]
[EventDate "2022.12.26"]

1. e4 {[%clk 01:30:58]} {[%emt 00:00:01]} c6 {[%clk 01:30:53]} {[%emt
00:00:07]} 2. Nc3 {[%clk 01:31:04]} {[%emt 00:00:24]} d5 {[%clk 01:31:16]}
{[%emt 00:00:06]} 3. exd5 {[%clk 01:31:28]} {[%emt 00:00:07]} cxd5 {[%clk
01:31:41]} {[%emt 00:00:05]} 4. d4 {[%emt 00:00:29]} Bf5 {[%clk 01:31:49]} 5.
Bd3 {[%clk 01:31:56]} {[%emt 00:00:26]} Bg6 {[%clk 01:32:10]} {[%emt 00:00:08]}
6. h4 {[%clk 01:32:17]} {[%emt 00:00:09]} Bxd3 {[%clk 01:32:12]} {[%emt
00:00:28]} 7. Qxd3 {[%clk 01:32:40]} {[%emt 00:00:08]} e6 {[%clk 01:32:23]}
{[%emt 00:00:18]} 8. Bf4 {[%clk 01:29:45]} {[%emt 00:03:25]} a6 {[%clk
01:31:26]} {[%emt 00:01:27]} 9. O-O-O {[%clk 01:27:06]} {[%emt 00:03:09]} Bd6
{[%clk 01:31:10]} {[%emt 00:00:45]} 10. Qg3 {[%clk 01:26:52]} {[%emt 00:00:45]}
Bxf4 {[%clk 01:30:42]} {[%emt 00:00:58]} 11. Qxf4 {[%clk 01:27:13]} {[%emt
00:00:09]} Nf6 {[%clk 01:30:17]} {[%emt 00:00:54]} 12. Nge2 {[%clk 01:25:28]}
{[%emt 00:02:16]} Nc6 {[%clk 01:28:54]} {[%emt 00:01:52]} 13. f3 {[%clk
01:24:24]} {[%emt 00:01:35]} Rc8 {[%clk 01:25:59]} {[%emt 00:03:24]} 14. Kb1
{[%clk 01:18:43]} {[%emt 00:06:11]} Qb6 {[%clk 01:22:55]} {[%emt 00:03:31]} 15.
g4 {[%clk 01:16:45]} {[%emt 00:02:32]} Na5 {[%clk 01:17:49]} {[%emt 00:05:33]}
16. g5 {[%clk 01:03:55]} {[%emt 00:13:22]} Ng8 {[%clk 01:16:25]} {[%emt
00:01:52]} 17. h5 {[%clk 01:01:58]} {[%emt 00:02:30]} Ne7 {[%clk 01:14:17]}
{[%emt 00:02:37]} 18. Qg4 {[%clk 00:59:58]} {[%emt 00:02:25]} Nc4 {[%clk
01:11:40]} {[%emt 00:03:13]} 19. b3 {[%clk 00:58:50]} {[%emt 00:01:38]} Ne3
{[%clk 01:11:46]} {[%emt 00:00:24]} 20. Qh3 {[%clk 00:50:02]} {[%emt 00:09:18]}
Nxd1 {[%clk 01:11:18]} {[%emt 00:00:58]} 21. Rxd1 {[%clk 00:50:23]} {[%emt
00:00:09]} Nf5 {[%clk 01:10:15]} {[%emt 00:01:32]} 22. g6 {[%clk 00:47:40]}
{[%emt 00:03:14]} hxg6 {[%clk 01:05:56]} {[%emt 00:04:49]} 23. f4 {[%clk
00:41:18]} {[%emt 00:06:52]} Rxh5 {[%clk 01:05:33]} {[%emt 00:00:53]} 24. Qf3
{[%clk 00:41:38]} {[%emt 00:00:09]} Qc6 {[%clk 01:03:30]} {[%emt 00:02:31]} 25.
Kb2 {[%clk 00:33:34]} {[%emt 00:08:36]} b5 {[%clk 01:01:29]} {[%emt 00:02:31]}
26. Rc1 {[%clk 00:30:31]} {[%emt 00:03:34]} Ke7 {[%clk 01:00:51]} {[%emt
00:01:08]} 27. Qd3 {[%clk 00:28:08]} {[%emt 00:02:53]} Rch8 {[%clk 01:00:13]}
{[%emt 00:01:08]} 28. Ng3 {[%clk 00:24:45]} {[%emt 00:03:52]} Nxg3 {[%clk
01:00:22]} {[%emt 00:00:22]} 29. Qxg3 {[%clk 00:25:11]} {[%emt 00:00:05]} Rh3
{[%clk 01:00:09]} {[%emt 00:00:41]} 30. Qe1 {[%clk 00:25:36]} {[%emt 00:00:05]}
R8h4 {[%clk 00:54:25]} {[%emt 00:06:13]} 31. Qd2 {[%clk 00:20:15]} {[%emt
00:05:53]} Qc7 {[%clk 00:52:56]} {[%emt 00:01:56]} 32. Ne2 {[%clk 00:19:37]}
{[%emt 00:01:10]} Rh2 {[%clk 00:52:42]} {[%emt 00:00:43]} 33. Re1 {[%clk
00:18:24]} {[%emt 00:01:44]} Rxe2 {[%clk 00:49:45]} {[%emt 00:03:27]} 34. Rxe2
{[%clk 00:17:08]} {[%emt 00:01:45]} Qxf4 {[%clk 00:49:49]} {[%emt 00:00:26]}
35. Qb4 {[%clk 00:15:35]} {[%emt 00:02:02]} Kf6 {[%clk 00:48:29]} {[%emt
00:01:49]} 36. c3 {[%clk 00:15:04]} {[%emt 00:01:02]} Rh2 {[%clk 00:47:13]}
{[%emt 00:01:47]} 37. Rxh2 {[%clk 00:14:30]} {[%emt 00:01:04]} Qxh2 {[%clk
00:47:33]} {[%emt 00:00:09]} 38. Ka3 {[%clk 00:14:54]} {[%emt 00:00:07]} g5
{[%clk 00:47:11]} {[%emt 00:00:52]} 39. c4 {[%clk 00:14:32]} {[%emt 00:00:51]}
dxc4 {[%clk 00:47:06]} {[%emt 00:00:35]} 40. bxc4 {[%clk 00:14:55]} {[%emt
00:00:07]} Qg3 {[%clk 00:47:08]} {[%emt 00:00:28]} 41. Kb2 {[%clk 00:15:09]}
{[%emt 00:00:16]} Qf2 {[%clk 00:47:20]} {[%emt 00:00:17]} 42. Kb1 {[%clk
00:15:20]} {[%emt 00:00:22]} Qxd4 {[%clk 00:47:19]} {[%emt 00:00:29]} 43. Qe1
{[%clk 00:14:06]} {[%emt 00:01:43]} Qxc4 {[%clk 00:46:40]} {[%emt 00:01:10]}
44. Qf2 {[%clk 00:14:24]} {[%emt 00:00:13]} Kg6 {[%clk 00:46:49]} {[%emt
00:00:20]} 45. Qd2 {[%clk 00:11:49]} {[%emt 00:03:05]} f5 {[%clk 00:45:57]}
{[%emt 00:01:22]} 46. Qa5 {[%clk 00:11:45]} {[%emt 00:00:34]} b4 {[%clk
00:44:41]} {[%emt 00:01:44]} 47. Qa4 {[%clk 00:12:02]} {[%emt 00:00:16]} Qb5
{[%clk 00:43:56]} {[%emt 00:01:12]} 48. Qb3 {[%clk 00:12:19]} {[%emt 00:00:15]}
Kf6 {[%clk 00:43:28]} {[%emt 00:00:56]} 49. Qb2 {[%clk 00:12:32]} {[%emt
00:00:20]} e5 {[%clk 00:43:43]} {[%emt 00:00:14]} 50. Qd2 {[%clk 00:12:49]}
{[%emt 00:00:12]} Qb6 {[%clk 00:42:39]} {[%emt 00:01:31]} 51. Qd7 {[%clk
00:12:40]} {[%emt 00:00:40]} b3 {[%clk 00:37:17]} {[%emt 00:05:55]} 52. axb3
{[%clk 00:11:52]} {[%emt 00:01:18]} Qxb3 {[%clk 00:36:48]} 53. Ka1 {[%clk
00:12:16]} {[%emt 00:01:06]} Qa3 {[%clk 00:36:40]} {[%emt 00:00:37]} 54. Kb1
{[%clk 00:12:39]} {[%emt 00:00:07]} Qb4 {[%clk 00:36:46]} {[%emt 00:00:24]} 55.
Ka1 {[%clk 00:12:33]} {[%emt 00:00:37]} Qa5 {[%clk 00:37:09]} {[%emt 00:00:06]}
56. Kb2 {[%clk 00:12:34]} {[%emt 00:00:29]} Qb5 {[%clk 00:37:35]} {[%emt
00:00:04]} 57. Qxb5 {[%clk 00:12:58]} {[%emt 00:00:06]} axb5 {[%clk 00:38:03]}
{[%emt 00:00:03]} 58. Kc2 {[%clk 00:12:59]} {[%emt 00:00:29]} g4 {[%clk
00:38:29]} {[%emt 00:00:04]} 0-1

[Event "DVM U14 2022"]
[Site "Kelheim GER"]
[Date "2022.12.30"]
[Round "7"]
[White "Möller, Maurin"]
[Black "Moldovan, Tatiana"]
[Result "1-0"]
[Termination "normal"]
[Board "6.1"]
[WhiteElo "1998"]
[BlackElo "1435"]
[WhiteClock "00:52:03"]
[BlackClock "00:44:14"]
[WhiteTeam "SK Blauer Springer Paderborn 1926 e. V."]
[BlackTeam "SG Königskinder Hohentübingen e.V."]
[PlyCount "89"]
[WhiteFideId "16265696"]
[BlackFideId "16287398"]
[EventCountry "GER"]
[EventRounds "7"]
[EventType "team-swiss"]
[EventDate "2022.12.26"]

1. e4 {[%clk 01:30:57]} {[%emt 00:00:02]} c5 {[%clk 01:30:33]} {[%emt
00:00:28]} 2. c3 {[%clk 01:31:18]} {[%emt 00:00:08]} d5 {[%clk 01:30:30]}
{[%emt 00:00:34]} 3. exd5 {[%clk 01:31:31]} {[%emt 00:00:17]} Qxd5 {[%clk
01:30:28]} {[%emt 00:00:31]} 4. d4 {[%clk 01:31:50]} {[%emt 00:00:11]} e6
{[%clk 01:29:55]} {[%emt 00:01:03]} 5. Nf3 {[%clk 01:31:57]} {[%emt 00:00:23]}
Nc6 {[%clk 01:29:10]} {[%emt 00:01:15]} 6. Be2 {[%clk 01:32:01]} {[%emt
00:00:26]} Nf6 {[%clk 01:27:43]} {[%emt 00:01:57]} 7. Be3 {[%clk 01:32:09]}
{[%emt 00:00:22]} cxd4 {[%clk 01:27:41]} {[%emt 00:00:32]} 8. cxd4 {[%clk
01:32:33]} {[%emt 00:00:07]} Bb4 {[%clk 01:23:18]} {[%emt 00:04:53]} 9. Nc3
{[%clk 01:32:56]} {[%emt 00:00:06]} O-O {[%clk 01:22:16]} {[%emt 00:01:32]} 10.
O-O {[%clk 01:31:49]} {[%emt 00:01:37]} Qd7 {[%clk 01:21:59]} {[%emt 00:00:47]}
11. Rc1 {[%clk 01:23:15]} {[%emt 00:09:05]} a6 {[%clk 01:15:12]} {[%emt
00:07:16]} 12. Bg5 {[%clk 01:15:30]} {[%emt 00:08:14]} Nd5 {[%clk 01:11:24]}
{[%emt 00:04:18]} 13. Bd3 {[%clk 01:14:37]} {[%emt 00:01:23]} f5 {[%clk
01:10:45]} {[%emt 00:01:10]} 14. Nxd5 {[%clk 01:09:29]} {[%emt 00:05:38]} Qxd5
{[%clk 01:09:48]} {[%emt 00:01:27]} 15. Bc4 {[%clk 01:08:55]} {[%emt 00:01:04]}
Qd6 {[%clk 01:07:19]} {[%emt 00:03:00]} 16. a3 {[%clk 01:00:27]} {[%emt
00:08:57]} Ba5 {[%clk 01:07:28]} {[%emt 00:00:21]} 17. b4 {[%clk 00:50:28]}
{[%emt 00:10:29]} Bb6 {[%clk 00:59:49]} {[%emt 00:08:09]} 18. d5 {[%clk
00:46:21]} {[%emt 00:04:37]} Nd8 {[%clk 00:57:52]} {[%emt 00:02:27]} 19. dxe6
{[%clk 00:45:15]} {[%emt 00:01:36]} Qxd1 {[%clk 00:55:21]} {[%emt 00:03:01]}
20. e7 {[%clk 00:45:39]} {[%emt 00:00:06]} Be6 {[%clk 00:52:49]} {[%emt
00:03:06]} 21. exf8=Q {[%clk 00:45:52]} {[%emt 00:00:13]} Kxf8 {[%clk
00:52:37]} {[%emt 00:00:42]} 22. Rfxd1 {[%clk 00:46:09]} {[%emt 00:00:13]} Bxc4
{[%clk 00:52:45]} {[%emt 00:00:21]} 23. Bxd8 {[%clk 00:46:08]} {[%emt
00:00:33]} Bxd8 {[%clk 00:48:01]} {[%emt 00:05:13]} 24. Rxc4 {[%clk 00:46:27]}
{[%emt 00:00:11]} Ke7 {[%clk 00:44:48]} {[%emt 00:03:43]} 25. Ne5 {[%clk
00:46:14]} {[%emt 00:00:43]} Rb8 {[%clk 00:40:24]} {[%emt 00:04:54]} 26. Rc6
{[%clk 00:45:56]} {[%emt 00:00:48]} Ke8 {[%clk 00:39:53]} {[%emt 00:01:01]} 27.
Re6 {[%clk 00:46:17]} {[%emt 00:00:08]} Kf8 {[%clk 00:39:21]} {[%emt 00:01:03]}
28. Nd7 {[%clk 00:46:29]} {[%emt 00:00:18]} Kf7 {[%clk 00:39:48]} {[%emt
00:00:04]} 29. Nxb8 {[%clk 00:46:52]} {[%emt 00:00:06]} Kxe6 {[%emt 00:00:34]}
30. Rxd8 {[%clk 00:47:17]} {[%emt 00:00:03]} Ke7 {[%clk 00:40:11]} {[%emt
00:00:05]} 31. Rd7 {[%clk 00:47:41]} {[%emt 00:00:06]} Kf6 {[%clk 00:40:40]}
{[%emt 00:00:01]} 32. f4 {[%clk 00:47:56]} {[%emt 00:00:15]} h6 {[%clk
00:40:52]} {[%emt 00:00:17]} 33. Kf2 {[%clk 00:48:18]} {[%emt 00:00:09]} g5
{[%clk 00:41:10]} {[%emt 00:00:11]} 34. g3 {[%clk 00:48:42]} {[%emt 00:00:06]}
g4 {[%clk 00:41:32]} {[%emt 00:00:08]} 35. Ke3 {[%clk 00:49:05]} {[%emt
00:00:08]} h5 {[%clk 00:41:52]} {[%emt 00:00:10]} 36. Kd4 {[%clk 00:49:28]}
{[%emt 00:00:06]} b6 {[%clk 00:42:06]} {[%emt 00:00:15]} 37. Rd6 {[%clk
00:49:54]} {[%emt 00:00:06]} Kg7 {[%clk 00:42:27]} {[%emt 00:00:09]} 38. Ke5
{[%clk 00:50:17]} {[%emt 00:00:07]} a5 {[%clk 00:42:45]} {[%emt 00:00:11]} 39.
Kxf5 {[%clk 00:50:26]} {[%emt 00:00:21]} a4 {[%clk 00:42:57]} {[%emt 00:00:13]}
40. Rd7 {[%clk 00:50:52]} {[%emt 00:00:09]} Kf8 {[%clk 00:42:42]} {[%emt
00:00:42]} 41. Kf6 {[%clk 00:51:05]} {[%emt 00:00:20]} Ke8 {[%clk 00:43:05]}
{[%emt 00:00:07]} 42. b5 {[%clk 00:51:28]} {[%emt 00:00:07]} h4 {[%clk
00:43:26]} {[%emt 00:00:09]} 43. gxh4 {[%clk 00:51:53]} {[%emt 00:00:05]} g3
{[%clk 00:43:50]} {[%emt 00:00:05]} 44. hxg3 {[%clk 00:52:09]} {[%emt
00:00:15]} Kf8 {[%clk 00:44:14]} {[%emt 00:00:06]} 45. Rd8# {[%clk 00:52:03]}
{[%emt 00:00:07]} 1-0

[Event "DVM U14 2022"]
[Site "Kelheim GER"]
[Date "2022.12.30"]
[Round "7"]
[White "Moldovan, Stela"]
[Black "Rogalski, Niclas"]
[Result "0-1"]
[Termination "normal"]
[Board "6.2"]
[WhiteElo "1271"]
[BlackElo "1523"]
[WhiteClock "00:44:33"]
[BlackClock "00:10:40"]
[WhiteTeam "SG Königskinder Hohentübingen e.V."]
[BlackTeam "SK Blauer Springer Paderborn 1926 e. V."]
[PlyCount "66"]
[WhiteFideId "16287380"]
[BlackFideId "34640320"]
[EventCountry "GER"]
[EventRounds "7"]
[EventType "team-swiss"]
[EventDate "2022.12.26"]

1. d4 {[%clk 01:30:57]} {[%emt 00:00:04]} c5 {[%clk 01:30:53]} {[%emt
00:00:07]} 2. e3 {[%emt 00:00:43]} d5 {[%clk 01:31:10]} {[%emt 00:00:11]} 3. b3
{[%clk 01:31:05]} {[%emt 00:00:11]} e6 {[%clk 01:30:54]} {[%emt 00:00:45]} 4.
Bd3 {[%clk 01:31:20]} {[%emt 00:00:15]} Nf6 {[%clk 01:30:47]} {[%emt 00:00:38]}
5. Nf3 {[%clk 01:31:35]} {[%emt 00:00:14]} Nc6 {[%clk 01:30:22]} {[%emt
00:00:55]} 6. Bb2 {[%clk 01:31:53]} {[%emt 00:00:13]} Bd6 {[%clk 01:29:55]}
{[%emt 00:00:57]} 7. a3 {[%clk 01:32:13]} {[%emt 00:00:09]} O-O {[%clk
01:27:52]} {[%emt 00:02:33]} 8. Ne5 {[%clk 01:32:21]} {[%emt 00:00:23]} Qe7
{[%clk 01:19:03]} {[%emt 00:09:18]} 9. O-O {[%clk 01:29:02]} {[%emt 00:03:50]}
Qc7 {[%clk 01:08:48]} {[%emt 00:10:45]} 10. f4 {[%clk 01:28:53]} {[%emt
00:00:38]} Ne4 {[%clk 01:06:42]} {[%emt 00:02:36]} 11. Nd2 {[%clk 01:27:48]}
{[%emt 00:01:34]} f5 {[%clk 01:05:22]} {[%emt 00:01:50]} 12. Rf3 {[%clk
01:27:37]} {[%emt 00:00:39]} cxd4 {[%clk 01:02:40]} {[%emt 00:03:15]} 13. exd4
{[%clk 01:27:19]} {[%emt 00:00:48]} Nxe5 {[%clk 00:59:14]} {[%emt 00:03:56]}
14. fxe5 {[%clk 01:27:22]} {[%emt 00:00:27]} Be7 {[%clk 00:57:42]} {[%emt
00:02:02]} 15. Rh3 {[%clk 01:26:13]} {[%emt 00:01:35]} Bg5 {[%clk 00:42:30]}
{[%emt 00:15:46]} 16. Bxe4 {[%clk 01:23:07]} {[%emt 00:03:36]} fxe4 {[%clk
00:40:38]} {[%emt 00:02:23]} 17. Qh5 {[%clk 01:16:39]} {[%emt 00:06:49]} h6
{[%clk 00:29:22]} {[%emt 00:11:54]} 18. Rc3 {[%clk 01:12:37]} {[%emt 00:04:28]}
Qb6 {[%clk 00:28:13]} {[%emt 00:01:43]} 19. Nf1 {[%clk 00:55:55]} {[%emt
00:17:12]} Qxd4 {[%clk 00:27:47]} {[%emt 00:00:56]} 20. Kh1 {[%clk 00:55:01]}
{[%emt 00:01:24]} Qf2 {[%clk 00:26:19]} {[%emt 00:01:59]} 21. Ng3 {[%clk
00:54:33]} {[%emt 00:00:56]} Bd7 {[%clk 00:20:03]} {[%emt 00:06:47]} 22. Rc7
{[%clk 00:53:44]} {[%emt 00:01:19]} Bb5 {[%clk 00:09:59]} {[%emt 00:10:35]} 23.
Rxb7 {[%clk 00:52:13]} {[%emt 00:02:00]} Bf1 {[%clk 00:10:02]} {[%emt
00:00:28]} 24. Qh3 {[%clk 00:50:10]} {[%emt 00:02:32]} Be3 {[%clk 00:09:45]}
{[%emt 00:00:47]} 25. Ne2 {[%clk 00:48:36]} {[%emt 00:02:04]} Bxe2 {[%clk
00:09:47]} {[%emt 00:00:28]} 26. Qxe6 {[%clk 00:48:06]} {[%emt 00:01:00]} Kh8
{[%clk 00:10:07]} {[%emt 00:00:10]} 27. h3 {[%clk 00:47:59]} {[%emt 00:00:37]}
Bf1 {[%clk 00:09:45]} {[%emt 00:00:52]} 28. Rxf1 {[%clk 00:43:11]} {[%emt
00:05:18]} Qxf1 {[%clk 00:09:55]} {[%emt 00:00:21]} 29. Kh2 {[%clk 00:43:32]}
{[%emt 00:00:08]} Bf4 {[%clk 00:10:12]} {[%emt 00:00:14]} 30. g3 {[%clk
00:43:52]} {[%emt 00:00:09]} Bxg3 {[%clk 00:09:57]} {[%emt 00:00:45]} 31. Kxg3
{[%clk 00:44:12]} {[%emt 00:00:10]} Qf2 {[%clk 00:10:19]} {[%emt 00:00:07]} 32.
Kg4 {[%clk 00:44:22]} {[%emt 00:00:18]} Qf4 {[%clk 00:10:40]} {[%emt 00:00:11]}
33. Kh5 {[%clk 00:44:33]} {[%emt 00:00:20]} Qg5# {[%emt 00:00:05]} 0-1

[Event "DVM U14 2022"]
[Site "Kelheim GER"]
[Date "2022.12.30"]
[Round "7"]
[White "Klerx, Philipp"]
[Black "Moldovan, Tudor"]
[Result "1/2-1/2"]
[Termination "normal"]
[Board "6.3"]
[WhiteElo "1400"]
[BlackElo "1263"]
[WhiteClock "00:28:58"]
[BlackClock "01:08:53"]
[WhiteTeam "SK Blauer Springer Paderborn 1926 e. V."]
[BlackTeam "SG Königskinder Hohentübingen e.V."]
[PlyCount "43"]
[WhiteFideId "34640274"]
[BlackFideId "16288203"]
[EventCountry "GER"]
[EventRounds "7"]
[EventType "team-swiss"]
[EventDate "2022.12.26"]

1. e4 {[%clk 01:30:59]} g6 {[%clk 01:30:53]} {[%emt 00:00:08]} 2. d4 {[%clk
01:31:21]} {[%emt 00:00:08]} Bg7 {[%clk 01:31:11]} {[%emt 00:00:11]} 3. Nc3
{[%clk 01:31:25]} {[%emt 00:00:26]} a6 {[%clk 01:31:24]} {[%emt 00:00:17]} 4.
Nf3 {[%clk 01:31:12]} {[%emt 00:00:43]} d6 {[%clk 01:31:30]} {[%emt 00:00:24]}
5. Be3 {[%clk 01:31:10]} {[%emt 00:00:32]} Nc6 {[%clk 01:30:30]} {[%emt
00:01:31]} 6. Qd2 {[%clk 01:29:17]} {[%emt 00:02:23]} e6 {[%clk 01:27:08]}
{[%emt 00:03:52]} 7. Be2 {[%clk 01:28:19]} {[%emt 00:01:28]} b5 {[%clk
01:25:50]} {[%emt 00:01:48]} 8. a3 {[%clk 01:24:24]} {[%emt 00:04:24]} Bb7
{[%clk 01:25:16]} {[%emt 00:01:04]} 9. h3 {[%clk 01:20:10]} {[%emt 00:04:44]}
Rc8 {[%clk 01:24:29]} {[%emt 00:01:17]} 10. O-O-O {[%clk 01:18:21]} {[%emt
00:02:19]} Na5 {[%clk 01:22:13]} {[%emt 00:02:46]} 11. g4 {[%clk 01:03:51]}
{[%emt 00:15:01]} Nc4 {[%clk 01:15:16]} {[%emt 00:07:27]} 12. Bxc4 {[%clk
01:03:18]} {[%emt 00:01:02]} bxc4 {[%clk 01:14:33]} {[%emt 00:01:13]} 13. Qe2
{[%clk 00:58:58]} {[%emt 00:04:50]} Nf6 {[%clk 01:13:49]} {[%emt 00:01:14]} 14.
Bg5 {[%clk 00:54:50]} {[%emt 00:04:38]} h6 {[%clk 01:11:42]} {[%emt 00:02:37]}
15. Bxf6 {[%clk 00:55:02]} {[%emt 00:00:18]} Qxf6 {[%clk 01:11:58]} {[%emt
00:00:14]} 16. d5 {[%clk 00:52:19]} {[%emt 00:03:13]} Qf4 {[%clk 01:11:10]}
{[%emt 00:01:17]} 17. Nd2 {[%clk 00:43:33]} {[%emt 00:09:16]} Bxc3 {[%clk
01:11:20]} {[%emt 00:00:21]} 18. bxc3 {[%clk 00:43:46]} {[%emt 00:00:18]} exd5
{[%clk 01:10:44]} {[%emt 00:01:06]} 19. exd5 {[%clk 00:43:34]} {[%emt
00:00:41]} Kf8 {[%clk 01:10:43]} {[%emt 00:00:31]} 20. Qxc4 {[%clk 00:39:25]}
{[%emt 00:04:39]} Qxf2 {[%clk 01:09:53]} {[%emt 00:01:20]} 21. Rhf1 {[%clk
00:36:50]} {[%emt 00:03:05]} Qb6 {[%clk 01:08:53]} {[%emt 00:01:08]} 22. Qe4
{[%clk 00:28:58]} {[%emt 00:08:44]} 1/2-1/2